|
|
|
|
| LEADER |
00000nab a2200000 a 4500 |
| 001 |
vtls000844739 |
| 003 |
SK-MaSNL |
| 005 |
20260304131454.0 |
| 008 |
250429c2003 xo 0 slo |
| 015 |
|
|
|a SNBRB2003/08-24836
|
| 035 |
|
|
|a CLN000196394
|
| 035 |
|
|
|a urn:nbn:sk:snk-ab6y18
|
| 035 |
|
|
|a (uuid)4511d56b-49c2-48f9-a70f-a50d78f9aa36
|
| 035 |
|
|
|a (urnnbn)urn:nbn:sk:snk:ar-a067pw
|
| 035 |
|
|
|a (sysno)vtls000844739
|
| 040 |
|
|
|a SNKBUCL
|b slo
|c SNKBUCL
|e AACR2
|
| 041 |
0 |
|
|a slo
|
| 044 |
|
|
|a xo
|c SK
|
| 080 |
|
|
|a 614.253.5:341.241.3(4)
|2 1997
|
| 100 |
1 |
|
|a Bernadič, Marián,
|d 1952-
|4 adp
|9 137185
|
| 245 |
1 |
0 |
|a Stanovisko PCN ku Konvencii o budúcnosti Európy
|c M. Bernadič
|
| 500 |
|
|
|a Podľa podkladov Standing Committee of Nurses of the EU
|
| 650 |
0 |
7 |
|a spoločnosti ošetrovateľské
|2 MESH
|9 1406615
|
| 650 |
0 |
7 |
|a zdravotné sestry
|2 MESH
|9 70278
|
| 650 |
0 |
7 |
|a medzinárodná spolupráca
|2 MESH
|9 4911
|
| 650 |
0 |
7 |
|a kvalita zdravotníckej starostlivosti
|2 MESH
|9 698392
|
| 650 |
0 |
7 |
|a zdravie
|2 MESH
|9 16322
|
| 651 |
|
7 |
|a Európa
|2 snkbucl
|9 167569
|
| 651 |
|
7 |
|a Európa
|2 MESH
|9 167569
|
| 655 |
|
7 |
|a články z novín a časopisov
|2 snkbucl
|9 267496
|
| 773 |
0 |
|
|t Revue ošetrovateľstva a laboratórnych metodík
|g Roč. 9, č. 1-2 (2003), s. 43-44
|x 1335-5090
|
| 850 |
|
|
|a Slovenská národná knižnica
|
| 852 |
|
|
|a Slovenská národná knižnica
|
| 958 |
|
|
|a article27
|
| 958 |
|
|
|a OND
|
| 958 |
|
|
|a MI
|
| 958 |
|
|
|a EUIPO
|
| 999 |
|
|
|c 2896938
|d 2898868
|